| 000 | 00581nam a2200229Ia 4500 | ||
|---|---|---|---|
| 003 | OSt | ||
| 005 | 20220923230815.0 | ||
| 006 | a|||||r|||| 00| 0 | ||
| 007 | ta | ||
| 008 | Pun | ||
| 024 | _a305,724 | ||
| 037 | _cTextual | ||
| 040 |
_aARTS _cARTS _bPun |
||
| 041 |
_2Pun _aPun |
||
| 082 | _aQ8441:21:g, 153H7 | ||
| 100 | _aਸਿੰਘ, ਜੋਧ | ||
| 245 | 0 | _aਪ੍ਰਾਚੀਨ ਬੀੜਾਂ ਬਾਰੇ | |
| 260 | _c1947 | ||
| 300 |
_a132ਪੰ _ccm. |
||
| 942 |
_hQ8441:21:g, 153H7 _cTEXL _2CC |
||
| 999 |
_c387514 _d387514 |
||